[Event "British KO-ch 2017"]
[Site "London"]
[Date "2017.12.03"]
[Round "2.2"]
[White "Sadler, Matthew D"]
[Black "Howell, David W L"]
[Result "1/2-1/2"]
[WhiteElo "2685"]
[BlackElo "2676"]
[Annotator "TA"]
[PlyCount "60"]
[EventDate "2017.??.??"]
[EventCountry "ENG"]
[SourceTitle "playchess.com"]
[Source "ChessBase"]
[SourceQuality "1"]

{[%evp 20,60,7,7,16,12,18,10,14,8,26,29,20,25,31,0,0,0,0,0,3,3,7,-7,-7,-7,-7,-16,-7,-5,6,8,4,4,12,12,10,10,12,12,18,16,18]} 1. d4 Nf6 2. c4 e6 3. Nc3 Bb4 4. Nf3 b6 5. e3 Bb7 6. Bd3 O-O 7. O-O c5 8. Na4 cxd4 9. exd4 Re8 10. a3 Bf8 11. Bf4 {LiveBook: 3 Games. E43: Nimzo-Indian: Rubinstein: 4...b6} Bxf3 12. Qxf3 Nc6 13. Be5 $146 ({Predecessor:} 13. d5 exd5 14. cxd5 Ne5 15. Qd1 Nxd3 16. Qxd3 Re4 {0-1 (16) Yu,Y (2736)-Carlsen,M (2834) Doha 2015}) 13... Rc8 14. Rfd1 d6 15. Bxf6 Qxf6 16. Qxf6 gxf6 17. Bf1 f5 {The position is equal.} 18. Rab1 Bg7 19. d5 $1 {[%cal Rd5c6]} Nd4 20. dxe6 fxe6 21. Nc3 Red8 22. g3 Kf7 23. Kg2 Rd7 24. b3 a6 25. Rd2 b5 26. Ne2 Nxe2 27. Bxe2 bxc4 28. bxc4 Bc3 29. Rd3 Ba5 30. Rdb3 Bd8 {Precision: White = 79%, Black = 70%.} 1/2-1/2

[Event "British KO-ch 2017"]
[Site "London"]
[Date "2017.12.03"]
[Round "2.3"]
[White "Sadler, Matthew D"]
[Black "Howell, David W L"]
[Result "1/2-1/2"]
[WhiteElo "2685"]
[BlackElo "2676"]
[Annotator "TA"]
[PlyCount "80"]
[EventDate "2017.??.??"]
[EventCountry "ENG"]
[SourceTitle "playchess.com"]
[Source "ChessBase"]
[SourceQuality "1"]

{[%evp 22,80,30,31,31,45,29,5,8,12,20,-2,-15,-8,-6,-81,-64,-103,-112,-97,-67,-64,-70,-73,-56,-57,-26,-35,-24,-29,-14,-18,-13,-19,-14,-17,-16,-19,-16,-16,-14,-18,-8,-8,-9,-8,0,0,0,0,0,0,0,0,0,0,0,0,9,9,10]} 1. d4 Nf6 2. c4 e6 3. Nc3 Bb4 4. Nf3 c5 5. g3 Nc6 6. Bg2 Ne4 7. Bd2 Nxd2 8. Qxd2 cxd4 {E20: Nimzo-Indian: 4 g3 and 4 f3} 9. Nxd4 O-O 10. O-O Ne5 11. b3 a6 12. Rfd1 {LiveBook: 3 Games} Rb8 (12... Qa5 13. Rac1 Rb8 14. a3 Qxa3 15. Ra1 Bxc3 16. Qxc3 {½-½ (28) Gelfand,B (2743)-Ponomariov,R (2709) Tashkent 2016}) 13. Nc2 Be7 14. Ne4 b5 15. c5 Qc7 16. Rac1 $146 ({Predecessor:} 16. Qc3) 16... f5 17. Nd6 Qxc5 18. Nb4 (18. Ne1 $11 Qb6 19. Nf3) 18... Qb6 $17 19. Qd4 Qxd4 20. Rxd4 a5 21. Nd3 Bxd6 22. Rxd6 Nf7 23. Rd4 d5 24. f4 b4 25. Rc5 Ra8 26. a3 {The position is equal.} Ba6 {Strongly threatening ...Bxd3.} 27. axb4 Bxd3 28. Rxd3 {[#] Re3 is the strong threat.} axb4 29. Rc6 Nd8 30. Rb6 Rf7 31. Rxb4 Rc7 32. Kf2 {And now Rxd5! would win.} Kf8 33. g4 g6 34. gxf5 gxf5 35. Rh3 Nc6 36. Rb6 Rb8 37. Rxb8+ Nxb8 38. b4 Rb7 39. Rh6 Rxb4 40. Rxe6 {[#] aiming for Rf6+.} Rxf4+ {Precision: White = 69%, Black = 68%.} 1/2-1/2

[Event "British KO-ch 2017"]
[Site "London"]
[Date "2017.12.03"]
[Round "2.3"]
[White "Short, Nigel D"]
[Black "McShane, Luke J"]
[Result "1/2-1/2"]
[WhiteElo "2678"]
[BlackElo "2640"]
[Annotator "TA"]
[PlyCount "126"]
[EventDate "2017.??.??"]
[EventCountry "ENG"]
[SourceTitle "playchess.com"]
[Source "ChessBase"]
[SourceQuality "1"]

{[%evp 17,126,-23,-16,-11,0,0,4,-9,0,0,43,0,28,10,9,24,10,13,18,-14,-19,-70,-52,-73,-51,-62,-64,-66,-54,-73,56,54,54,-54,56,59,72,68,71,61,80,79,94,72,71,67,130,138,151,96,144,138,129,127,137,129,258,69,151,152,156,48,48,49,59,26,26,26,26,25,31,8,8,8,8,0,8,8,26,26,26,26,26,26,28,28,28,29,87,87,87,67,67,67,87,87,87,87,87,87,87,87,87,87,87,87,87,87,87,87,87]} 1. g3 g6 2. Bg2 Bg7 3. d4 d5 4. Nf3 Nf6 5. O-O O-O 6. Bf4 Nbd7 7. Nbd2 {D02: 1 d4 d5 2 Nf3 sidelines, including 2...Nf6 3 g3 and 2...Nf6 3 Bf4} (7. Qc1 b6 8. c4 Ba6 9. Ne5 Bb7 10. Rd1 e6 11. Nc3 c6 12. e4 dxe4 13. Nxe4 Nxe4 14. Bxe4 Nxe5 15. Bxe5 Bxe5 16. dxe5 {½-½ (43) Bruzon Batista,L (2643)-Nakamura,H (2792) Tbilisi 2017}) 7... b6 8. Ne5 Bb7 9. c3 c5 {LiveBook: 4 Games} 10. Qa4 e6 11. Rfd1 a6 12. Rac1 $146 ({Predecessor:} 12. Nxd7 Nxd7 13. e4 b5 14. Qa3 cxd4 15. cxd4 {0-1 (41) Goetz,A (2162)-Szeberenyi,A (2401) Balatonlelle 2003}) 12... b5 13. Qa3 Qb6 14. Nb3 {[%cal Rd4c5]} Rfc8 (14... c4 {seems wilder.} 15. Nc5 Rfd8 16. Nxb7 Qxb7 17. Qe7 Rf8) 15. Qa5 {next Qxb6 is good for White.} c4 $36 {[%mdl 2048] White is under pressure.} 16. Qxb6 Nxb6 17. Nc5 Ra7 18. b4 Ba8 19. a4 (19. a3 $11) 19... Nxa4 $15 20. Nxa4 bxa4 21. Ra1 Ne4 $1 {[%cal Re4c3]} 22. Bxe4 $1 dxe4 23. Rxa4 g5 (23... f6 $1 $17 {[%cal Rf6e5]} 24. Ng4 h5) 24. Be3 $14 Bd5 25. f3 (25. f4 $14) 25... exf3 (25... f6 $15 26. fxe4 Bxe4) 26. Nxf3 h6 27. Rda1 Rca8 28. Ra5 Bf8 29. b5 Bd6 30. Rxa6 Rxa6 31. Rxa6 Rxa6 ({Black should play} 31... Bc7 $14) 32. bxa6 $16 {[%mdl 4096] Endgame KBB-KBN} Kf8 33. h4 (33. a7 $142) 33... f6 34. Kf2 Ke8 35. Bc1 Kd7 36. Nd2 f5 (36... Kc7 $16) 37. Nf3 $2 (37. a7 $18) 37... Kc6 ({Black should try} 37... gxh4 $1 $14 38. gxh4 h5) 38. hxg5 hxg5 39. Bxg5 (39. Nxg5 $16 {g4 is the strong threat.} Kb6 40. e4 $1 {[%mdl 512]} fxe4 41. Nf7 e3+ 42. Bxe3) 39... Kb6 $14 40. Bf4 Ba3 41. Ke1 Kxa6 42. Kd2 Kb5 43. Ne5 Ka4 44. g4 fxg4 45. Nxg4 Kb3 {Hoping for ...Bb2.} 46. Nf2 Bb2 47. Nd1 Be4 48. Bd6 Bc2 $1 {[%cal Rc2d1] Strongly threatening ...Bxd1.} 49. Nxb2 Kxb2 $11 {KB-KB} 50. Bb4 Kb3 51. Ke3 {And now Kf4 would win.} Bd1 $1 52. Kf2 Ka4 (52... Kc2 $1 $11 {remains equal.}) 53. e4 $16 Kb5 54. Ke3 Kc6 55. Kf4 Bc2 56. Ke5 {White is better.} Bb1 57. Ba3 Bc2 58. d5+ exd5 59. exd5+ Kd7 60. Kd4 Bd3 61. Kc5 Be2 {[#]} 62. Bc1 $1 Bd3 63. Bf4 Be2 {Precision: White = 56%, Black = 49%.} 1/2-1/2

[Event "British KO-ch 2017"]
[Site "London"]
[Date "2017.12.03"]
[Round "2.3"]
[White "McShane, Luke J"]
[Black "Short, Nigel D"]
[Result "1/2-1/2"]
[WhiteElo "2640"]
[BlackElo "2678"]
[Annotator "TA"]
[PlyCount "116"]
[EventDate "2017.??.??"]
[EventCountry "ENG"]
[SourceTitle "playchess.com"]
[Source "ChessBase"]
[SourceQuality "1"]

{[%evp 23,116,49,54,35,67,50,39,36,48,29,53,41,62,69,58,58,64,24,40,23,94,101,98,64,70,43,35,30,72,0,0,0,8,0,0,0,0,-17,0,-21,-18,-20,0,0,0,0,0,0,0,0,0,0,0,0,0,0,18,11,23,0,0,0,0,0,0,0,0,-300,-302,-293,0,0,0,0,0,0,0,0,0,0,0,0,0,0,0,0,0,0,0,0,0,0,0,0,0]} 1. e4 e5 2. Nf3 Nc6 3. Bb5 a6 4. Ba4 d6 5. O-O Bd7 6. c3 g6 7. d4 Bg7 8. Re1 Nge7 9. Be3 O-O 10. Nbd2 h6 {C76: Spanische Partie (Moderne Steinitz-Verteidigung)} 11. dxe5 Nxe5 12. Nxe5 dxe5 {LiveBook: 3 Partien. Weiß steht etwas besser.} 13. b4 $146 ({Vorgänger:} 13. Bxd7 Qxd7 14. a4 Rad8 15. Qb3 Qc6 16. Qb4 {1-0 (56) Tari,A (2596)-Praggnanandhaa,R (2455) Moscow 2017}) 13... b6 14. Bxd7 Qxd7 15. a4 {[%cal Ba2a4,Ba4a5][%mdl 32]} f5 {[#] Weiss muss nun ...f4 beachten.} 16. f3 f4 17. Bf2 Rfd8 18. Qb3+ Kh7 19. Red1 Qe8 20. a5 b5 21. Qa2 Ng8 (21... Nc6 $11 {bleibt in der Remisbreite.}) 22. Nb3 Qf7 23. Qc2 Bf8 24. Bc5 Bd6 25. Rd2 Rd7 {[#]} 26. Rad1 ({Lieber} 26. Rc1 $1 $16) 26... Rad8 $11 27. Bf2 Nf6 28. h3 Kg8 29. Rd3 g5 30. Kf1 {[%cal Bg1f1,Bf1e1,Be1d1,Bd1c1,Bc1b2][%mdl 32]} Qe6 31. Ke1 h5 32. R1d2 Kf7 33. Kd1 g4 34. hxg4 hxg4 35. Kc1 g3 36. Bg1 Ke8 37. Kb2 Qc4 38. Bc5 Kf7 39. Qd1 {[%cal Rc5d6]} Qe6 40. Qg1 (40. Qh1 {is more complex.} Kg8 41. Qc1 Kf7 42. Qd1 Kg7 43. Qg1) 40... Bf8 41. Rxd7+ Rxd7 42. Bxf8 Rxd2+ 43. Nxd2 Kxf8 44. Qc5+ (44. c4 {with more complications.} Qc6 45. Kc3 Ke7 46. Qf1 Nd7 47. Qd3) 44... Qd6 45. c4 $2 {[%mdl 8192]} (45. Nb3 $11 {und Weiss ist OK.}) 45... Qxc5 $19 46. bxc5 {[%mdl 4096] Endspiel KS-KS} c6 $2 (46... b4 $19 47. Nb3 (47. Kb3 Ng8 $17) 47... Nd7) 47. Kc3 {Die Stellung ist ausgeglichen.} Ke7 48. Kb4 Kd7 49. Kc3 Nh7 {Und ...Sf8 würde nun gewinnen.} 50. Nb3 $1 Ng5 51. Nc1 $1 Ke7 52. Kb4 $1 Ke6 53. Kc3 Kf6 54. Kb4 Ne6 {Droht ...Sd4.} 55. Nd3 Nd4 56. Ne1 $1 Ke6 57. Kc3 Ke7 58. Kb4 $1 Ke6 {Precision: Weiß = 61%, Schwarz = 70%.} 1/2-1/2

[Event "British KO-ch 2017"]
[Site "London"]
[Date "2017.12.03"]
[Round "2.4"]
[White "Howell, David W L"]
[Black "Sadler, Matthew D"]
[Result "1/2-1/2"]
[WhiteElo "2676"]
[BlackElo "2685"]
[Annotator "TA"]
[PlyCount "69"]
[EventDate "2017.??.??"]
[EventCountry "ENG"]
[SourceTitle "playchess.com"]
[Source "ChessBase"]
[SourceQuality "1"]

{[%evp 18,69,25,15,40,29,37,12,6,12,11,9,5,6,36,33,33,4,36,37,37,37,32,25,68,43,51,52,41,26,26,26,24,26,26,26,35,26,29,28,21,0,27,27,33,35,29,0,25,0,33,0,36,0]} 1. c4 e5 2. Nc3 Bb4 3. Nd5 Bc5 4. Nf3 c6 5. Nc3 d6 6. e3 {A21: English Opening: 1...e5 2 Nc3} Qe7 (6... Bb4 7. d4 Nd7 8. Qc2 Ngf6 9. a3 Bxc3+ 10. Qxc3 O-O 11. Be2 Re8 12. b4 e4 {0-1 (47) Caruana,F (2808)-Anand,V (2786) Stavanger 2017}) 7. d4 exd4 8. Nxd4 Nf6 9. Be2 O-O 10. O-O {LiveBook: 26 Games} d5 11. cxd5 cxd5 12. Bf3 Rd8 13. b3 $146 Nc6 14. Nce2 Ne5 15. Bb2 Bd7 16. Rc1 Rac8 17. h3 Ba3 18. Rxc8 Rxc8 19. Qb1 Bxb2 20. Qxb2 Ne4 21. Nf4 Qc5 22. Be2 a5 23. Nd3 Nxd3 24. Bxd3 Qc3 25. Qe2 g6 26. Rd1 Nf6 27. Qf3 Kg7 28. Qf4 Qc7 29. Qf3 Qd6 30. Qe2 Qc5 31. Qb2 Qc3 32. Qe2 Qc5 33. Qb2 Qc3 34. Qe2 Qc5 35. Qb2 {Precision: White = 53%, Black = 70%.} 1/2-1/2

[Event "British KO-ch 2017"]
[Site "London"]
[Date "2017.12.03"]
[Round "2.4"]
[White "McShane, Luke J"]
[Black "Short, Nigel D"]
[Result "1/2-1/2"]
[WhiteElo "2640"]
[BlackElo "2678"]
[Annotator "TA"]
[PlyCount "175"]
[EventDate "2017.??.??"]
[EventCountry "ENG"]
[SourceTitle "playchess.com"]
[Source "ChessBase"]
[SourceQuality "1"]

{[%evp 15,175,3,5,0,0,-2,-4,-3,0,0,0,0,0,-2,0,-7,-6,-10,0,-15,7,12,76,80,109,108,101,103,364,28,23,40,209,202,198,-102,0,0,200,203,213,187,211,199,202,202,504,500,454,178,165,163,170,163,164,141,153,158,204,122,427,433,424,406,777,268,262,267,29998,1098,29996,252,256,249,242,250,295,177,176,66,63,12,43,50,118,118,118,31,49,8,56,26,40,0,0,0,0,0,0,0,0,0,0,0,0,0,0,0,4,0,0,0,0,0,0,0,12,12,12,12,12,0,0,0,14,14,25,25,14,14,16,0,993,718,622,0,599,0,0,0,0,0,0,0,0,0,0,0,0,0,0,0,0,0,0,0,0,0,0,0,0,0]} 1. e4 e5 2. Nf3 Nc6 3. Bb5 a6 4. Ba4 Nf6 5. O-O Be7 6. Bxc6 dxc6 7. d3 Nd7 8. Nc3 {C85: Closed Ruy Lopez: Deferred Exchange Variation} O-O {LiveBook: 10 Games} 9. Kh1 $146 ({Predecessor:} 9. Ne2 Bf6 10. h3 Re8 11. Nh2 Nf8 12. Ng4 Bxg4 13. hxg4 Bg5 14. g3 Bxc1 15. Qxc1 h6 16. Nc3 Qg5 17. Qd1 Re6 18. f4 exf4 19. gxf4 Qh4 20. f5 Qg3+ 21. Kh1 Qh3+ 22. Kg1 Qg3+ {½-½ (22) McShane,L (2713)-Melkumyan,H (2649) Germany 2013}) 9... Re8 10. Ng1 Nf8 11. Nge2 Ng6 12. f4 exf4 13. Nxf4 Bd6 14. Nxg6 hxg6 15. Qf3 Be6 16. Bf4 g5 17. Bg3 Bxg3 18. Qxg3 Qe7 (18... f6 $11) 19. e5 $16 Rad8 20. Ne4 g4 21. Rae1 c5 $2 {[%mdl 8192]} (21... Rd5 $16 {might work better.}) 22. Qf4 $2 ({White has to play} 22. Nf6+ $1 $18 gxf6 23. exf6) 22... Rd4 $11 23. c3 Rxd3 $2 {[#]} ({Better is} 23... Rd5 $1 $14) 24. Nf6+ $1 $18 {[%mdl 512]} Kf8 {With the idea ...Red8.} (24... gxf6 25. exf6 Qf8 26. Re5) 25. Nh7+ {[%mdl 1024] White has strong compensation.} (25. Nxe8 $6 Qxe8 26. Qe4 Rd2 $16) 25... Kg8 {[#]} 26. Nf6+ $1 {[%mdl 512]} Kf8 $1 {Black wants to play ...Red8.} (26... gxf6 $2 27. exf6 Qf8 28. Re5 $18) 27. Qe4 $1 {[%cal Re4d3]} (27. Nxe8 $6 Qxe8 28. Qe4 Rd2 $16) 27... Qd8 28. Qh7 Rd2 29. Qh8+ Ke7 30. Qxg7 {aiming for Ne4.} (30. Qxe8+ Qxe8 31. Nxe8 Kxe8 $15) 30... Rh8 $2 (30... Rd3 {is tougher.} 31. Nxe8 Qxe8 32. Qf6+ Kd7) 31. Ne4 Rd5 32. Ng5 $2 (32. c4 Rd4 33. Nxc5 (33. Qf6+ Kd7 $16)) 32... Qg8 33. Nxe6 Kxe6 34. Qf6+ Kd7 35. Qf5+ $40 {[%mdl 128] White goes for the king.} Ke7 36. Rd1 c6 37. Qf6+ (37. Rxd5 $1 $18 cxd5 38. Qf2) 37... Ke8 $2 {[%mdl 8192]} (37... Kd7 $16 {is more resistant.}) 38. Rxd5 cxd5 {[%mdl 4096] Endgame KQR-KQR} 39. Qd6 {Threatens to win with Qb8+.} Qh7 (39... Qg5 $142 40. Qb8+ (40. Qxc5 g3 $14) 40... Qd8 41. Qxb7 Qd7 42. Qa8+ Qd8 43. Qxa6 g3) 40. Qb8+ $2 (40. e6 {Threatening mate with Qd7+.} fxe6 41. Re1 (41. Qxe6+ Kd8 $18) 41... Qxh2+ 42. Qxh2 Rxh2+ 43. Kxh2) 40... Ke7 {[%csl Gh8][%cal Rh7h2]} 41. Qxb7+ Ke6 $2 (41... Kf8 $18 42. Qc8+ Kg7 43. Qxg4+ Qg6) 42. Qc6+ (42. Rf6+ $142 Kxe5 43. Qe7#) 42... Kxe5 43. Re1+ $2 (43. Qf6+ {mates} Ke4 44. Qf4+ Kd3 45. Rd1+ Ke2 46. Qd2#) 43... Kf5 {[%csl Gh8][%cal Rh7h2]} 44. Qxd5+ Kg6 {[%csl Gh8][%cal Rh7h2]} 45. Qe4+ f5 {[%csl Gh8][%cal Rh7h2]} 46. Qf4 Qd7 47. Qg3 (47. Qe5 $18 Qd8 48. Rf1 (48. Qxc5 Rxh2+ 49. Kxh2 Qh4+ 50. Kg1 Qxe1+ 51. Kh2 Qh4+ 52. Kg1 Qe1+ 53. Kh2 Qh4+ 54. Kg1 Qe1+ $11)) 47... Re8 $14 48. Rf1 (48. Rxe8 $14 Qxe8 49. h3) 48... Re2 49. h3 Rxb2 (49... Qe6 $14) 50. hxg4 $16 fxg4 51. Qe5 ({White should try} 51. Qh4 $1 $16 {Intending Rf6+ and mate.} Rb6 52. Rf4) 51... Rb6 $1 $14 52. Qxc5 Rc6 53. Qe5 Qe6 54. Qxe6+ (54. Qg3 {looks sharper.} Rc5 55. Rb1 Rd5 56. Rb8 Rb5 57. Rxb5 axb5 58. Kh2) 54... Rxe6 {KR-KR} 55. Kh2 Re2 56. Rf4 Rxa2 57. Rxg4+ Kf5 58. Rc4 (58. Kh3 {is interesting.} a5 59. Rd4 a4 60. g4+ Kg5 61. Rc4) 58... a5 59. Kh3 a4 60. g4+ Kg6 61. Rc6+ Kg7 62. Kh4 a3 63. Rc7+ Kg6 64. Rc6+ Kg7 65. Kg5 Rc2 66. Rc7+ Kf8 67. Kf6 {[%cal Rc7c8]} Rf2+ 68. Kg6 a2 69. Ra7 Rc2 70. g5 Rg2 71. c4 {[%cal Bc3c4,Bc4c5][%mdl 32]} Ke8 72. Kf6 {Hoping for g6.} Rf2+ 73. Kg6 $2 {[%mdl 8192]} (73. Ke6 $11 Re2+ 74. Kf5) 73... Rg2 $18 {[#]} 74. c5 $1 {[%cal Rc5c6]} Kd8 75. Kf6 $2 ({White should play} 75. Kh6 $18 Rh2+ 76. Kg7) 75... Kc8 $2 {[%mdl 8192] [#]} (75... Rc2 $1 $11 {and Black stays safe.}) 76. g6 $2 (76. c6 $1 $18 {g6 is the strong threat.} Kb8 77. Ra6 Rf2+ 78. Kg7) 76... Kb8 $11 {The position is equal.} 77. Ra5 {Strongly threatening c6.} (77. Ra3 $5 {[%cal Rc5c6]}) 77... Kb7 78. g7 Rf2+ 79. Kg6 Rg2+ 80. Kf7 Rf2+ 81. Kg8 Rg2 82. Kf7 {And now Rxa2! would win.} Rf2+ 83. Ke6 Rg2 84. Rxa2 Rxg7 85. Kd5 Rd7+ 86. Kc4 Rd1 87. Rh2 Rc1+ 88. Kb5 {Precision: White = 53%, Black = 48%.} 1/2-1/2

[Event "British KO-ch 2017"]
[Site "London"]
[Date "2017.12.03"]
[Round "2.5"]
[White "Howell, David W L"]
[Black "Sadler, Matthew D"]
[Result "1-0"]
[WhiteElo "2676"]
[BlackElo "2685"]
[Annotator "TA"]
[PlyCount "133"]
[EventDate "2017.??.??"]
[EventCountry "ENG"]
[SourceTitle "playchess.com"]
[Source "ChessBase"]
[SourceQuality "1"]

{[%evp 22,133,-34,-38,-3,-60,-55,-66,-30,-60,-41,-106,-104,-112,-111,-258,-120,-208,-227,-289,-280,-296,-296,-343,-335,-226,-203,-301,-208,-214,-214,-335,0,6,6,-15,-20,-20,41,-48,-51,-45,34,31,50,48,97,54,108,108,108,45,47,37,37,37,75,46,84,77,78,52,552,59,82,85,111,78,89,89,91,-14,0,-98,-5,-12,62,70,71,69,64,47,47,47,48,47,69,121,1265,1233,1102,1079,1078,1078,1058,1023,1000,975,891,658,652,624,601,268,730,731,786,779,806,744,799,754,1010,969]} 1. Nf3 Nf6 2. g3 d5 3. Bg2 c5 4. O-O e6 5. b3 Nc6 6. Bb2 Be7 {[%cal Bf8e7,Be7d6,Bd6b8,Bb8c7][%mdl 32]} 7. c4 d4 8. e3 e5 9. exd4 exd4 10. Re1 {A14: English Opening: 1...e6 with b3 by White} (10. d3 O-O 11. Na3 Bf5 12. Nc2 a5 13. Re1 Qd7 14. a3 Bd6 15. b4 axb4 16. axb4 Rxa1 17. Bxa1 b6 18. b5 Ne7 19. Ne5 Bxe5 20. Rxe5 {0-1 (48) Cruz,J (2459)-Kraemer,M (2546) Barcelona 2014}) 10... O-O 11. d3 Bd6 12. Na3 {LiveBook: 4 Games. Black is slightly better.} Bf5 13. Nh4 $146 (13. Nb5 $11) ({Predecessor:} 13. Nc2 a5 14. Nh4 Bg4 15. Bf3 Bd7 16. Na3 g5 17. Nb5 Bb8 18. Ng2 g4 19. Bxc6 Bxc6 {½-½ (37) Zhu,Y (2284)-Gholami,A (2400) Porto Carras 2015}) 13... Bg4 $15 14. Qd2 Qd7 15. Nb5 Bb8 16. f4 (16. Ba3 $15) 16... a6 $17 17. Na3 Bc7 18. Qf2 (18. Bxc6 $17 {was necessary.} Qxc6 19. b4) 18... Nb4 (18... Ba5 $19 {is more deadly.} 19. Rec1 Rae8) 19. Qf1 (19. Bf1 $17) 19... Rae8 20. h3 Bf5 21. Nxf5 Qxf5 22. Rad1 Rxe1 23. Rxe1 Qxd3 ({Weaker is} 23... Nxd3 24. g4 $11) 24. Bf3 (24. Qxd3 {might work better.} Nxd3 25. Re2) 24... Re8 25. Rxe8+ Nxe8 26. Qe1 (26. Qxd3 {was called for.} Nxd3 27. Ba1) 26... Kf8 $2 (26... Nf6 $19 27. Qe2 Qxe2 28. Bxe2 Ne4) 27. Be4 $11 Qe3+ 28. Qxe3 dxe3 29. Kf1 Nf6 (29... h5 $11) 30. Bxb7 (30. Bxf6 $1 $14 gxf6 31. Bxb7) 30... Nh5 $15 31. Kg2 Nxa2 (31... e2 $15 32. Bc3 Nxa2) 32. Bf3 Nf6 33. Nc2 Nb4 34. Nxe3 Ke7 (34... Bd8 $14) 35. Nf5+ $1 $16 Kf8 {[#]} 36. Bc3 (36. Bxf6 $1 $16 gxf6 37. Be4) 36... Ne8 $14 37. Kf2 g6 38. Ne3 Nd6 39. Ke2 Bb6 40. g4 a5 41. h4 Ke7 $2 {[%mdl 8192]} ({Better is} 41... Bc7 $14) 42. g5 $2 (42. Bxb4 $1 $18 cxb4 43. Nd5+ Kd8 44. Nxb6) 42... Kd7 43. Bg4+ Kc7 44. f5 Ne4 45. Be5+ Kd8 46. h5 (46. fxg6 $16 hxg6 47. Bg7) 46... Bc7 $11 47. Bb2 (47. Bf3 $11 {remains equal.} Bxe5 48. Bxe4) 47... Ng3+ ({Black should try} 47... gxh5 $17 48. Bf3 Ng3+ 49. Kd1 Kd7) 48. Kf3 $1 {And now h6 would win.} Nd3 (48... Nxh5 $11 49. Ke4 Ng3+ 50. Kf3 Nc6) 49. Bf6+ $14 Ke8 50. Nd5 Bd6 51. fxg6 fxg6 52. h6 {Bc3 is the strong threat.} Ne1+ $1 53. Kf2 Nd3+ 54. Ke3 Nf1+ $2 {[%mdl 8192]} (54... Ne5 $16) 55. Kxd3 $18 Nh2 56. Bh3 Nf3 57. Ke4 Nd2+ {[#]} 58. Ke3 $1 Nxb3 59. Bc3 a4 60. Bg4 a3 61. Bd1 Nd4 62. Ba4+ (62. Nf6+ $142 Kf7 63. Ke4) 62... Kf8 $2 (62... Kf7 63. Nf6 Be5) 63. Nf6 {White is clearly winning.} a2 64. Nxh7+ Kg8 65. Nf6+ Kh8 66. Nd7 Bg3 67. Kd3 {Precision: White = 44%, Black = 23%.} 1-0

[Event "British KO-ch 2017"]
[Site "London"]
[Date "2017.12.03"]
[Round "2.5"]
[White "McShane, Luke J"]
[Black "Short, Nigel D"]
[Result "1-0"]
[WhiteElo "2640"]
[BlackElo "2678"]
[Annotator "TA"]
[PlyCount "75"]
[EventDate "2017.??.??"]
[EventCountry "ENG"]
[SourceTitle "playchess.com"]
[Source "ChessBase"]
[SourceQuality "1"]

{[%evp 12,75,21,13,21,-8,54,48,57,56,90,83,87,75,113,110,111,102,196,199,192,193,337,322,327,318,425,433,448,452,725,712,656,383,384,382,498,493,462,481,497,519,564,545,645,647,703,710,734,704,707,691,783,762,757,735,704,703,986,891,1090,1078,1199,1027,1239,1208]} 1. e4 e6 2. d4 d5 3. e5 b6 4. Nf3 Ne7 5. c3 Qd7 6. Bd3 Ba6 {C02: French: Advance Variation} 7. O-O {LiveBook: 3 Games} (7. Bxa6 Nxa6 8. a4 c5 9. Qe2 Nc7 10. b3 Nc6 11. O-O Be7 12. Na3 O-O 13. Nc2 Rfb8 14. Bg5 {1-0 (30) Lagno,K (2553)-Zatonskih,A (2489) Beijing 2012}) 7... c5 8. Re1 Nec6 ({Black should try} 8... Bxd3 $11 9. Qxd3 Nbc6) 9. Bc2 $146 ({Predecessor:} 9. Be3 cxd4 10. cxd4 Nb4 11. Bxa6 N8xa6 12. Qe2 Nc7 {1-0 (29) Amini,M (1764)-Cassens,E (1850) Hamburg 2014}) 9... h6 10. a3 g5 11. h3 Be7 12. Nbd2 {[%cal Bb1d2,Bd2f1,Bf1g3,Bg3h5,Bh5f4][%mdl 32]} cxd4 13. cxd4 h5 14. Nf1 Rg8 (14... g4 $16 {might work better.} 15. hxg4 hxg4) 15. Ng3 $18 g4 16. hxg4 h4 (16... hxg4 $142 17. Nh2 Qc7) 17. Nh5 Rxg4 18. Be3 Qb7 19. Bh7 Nd7 20. Nh2 Rg6 (20... Rxd4 $142 21. Bxd4 O-O-O) 21. Bxg6 fxg6 22. Nf4 Nf8 23. Qg4 O-O-O 24. Nxe6 {White is clearly winning.} Nxe6 25. Qxe6+ Kb8 26. Rac1 {[%cal Ba1c1,Bc1c3,Bc3f3,Bf3f8][%mdl 32]} Na5 27. Qxg6 Nc4 28. Bg5 Nxb2 29. Rc3 Nc4 30. Rf3 Bxg5 31. Qxg5 Rc8 32. e6 {[%cal Be5e6,Be6e7][%mdl 32]} Nd6 33. e7 Bb5 34. Rf8 Be8 35. Qxh4 Ne4 36. Ng4 Ka8 37. Nf6 Qxe7 38. Qh8 {Precision: White = 85%, Black = 19%.} 1-0

[Event "British KO-ch 2017"]
[Site "London"]
[Date "2017.12.04"]
[Round "3.1"]
[White "Howell, David W L"]
[Black "McShane, Luke J"]
[Result "1/2-1/2"]
[WhiteElo "2676"]
[BlackElo "2640"]
[Annotator "TA"]
[PlyCount "60"]
[EventDate "2017.??.??"]
[EventCountry "ENG"]
[SourceTitle "playchess.com"]
[Source "ChessBase"]
[SourceQuality "1"]

{[%evp 14,60,108,86,112,98,105,102,105,103,106,105,97,95,91,42,96,95,114,57,60,53,60,51,50,57,56,49,54,42,45,39,64,62,77,33,65,30,34,29,44,45,69,0,43,0,66,0,43]} 1. d4 Nf6 2. c4 c5 3. d5 e5 4. Nc3 d6 5. e4 Be7 6. h3 Nbd7 7. Bd3 h5 {A56: Czech Benoni} (7... O-O 8. g4 Ne8 9. Nf3 g6 10. a3 Ng7 11. Bh6 Kh8 12. Qd2 Nf6 13. O-O-O Ng8 14. Kb1 Nxh6 15. Qxh6 Rg8 {1-0 (43) Wang,H (2737)-Aronian,L (2815) Beijing 2012}) 8. h4 {LiveBook: 3 Games} g6 9. g3 Kf8 {White is better.} 10. Nh3 $146 ({Predecessor:} 10. f3 Kg8 11. Be3 a6 12. Nh3 Nh7 13. Nf2 Ndf8 14. a3 b6 15. b4 {1-0 (63) Dambacher,M (2476)-Tugui,A (2390) Germany 2011}) 10... Kg7 11. f3 a6 12. Be3 Ne8 {[%cal Bf6e8,Be8c7,Bc7a6,Ba6c5][%mdl 32]} 13. a3 Nc7 14. b4 cxb4 ({Better is} 14... b5 $14) 15. axb4 $16 a5 {[#]} 16. bxa5 (16. b5 $1 $16) 16... Na6 $14 17. Nf2 Nac5 18. Ke2 Rxa5 19. Rxa5 Qxa5 20. Qa1 Qd8 21. Nb5 b6 22. Qa8 Rf8 23. Bc2 Nb7 24. Qa1 Ndc5 25. Qc3 Bd7 26. Rb1 Qc8 27. Qb4 Na6 28. Qc3 Nac5 29. Qb4 Na6 30. Qc3 Nac5 {Precision: White = 42%, Black = 68%.} 1/2-1/2